000
00313nam a22001217a 4500
008
230629b xxu||||| |||| 00| 0 eng d
020
_a
085340674X
082
_a
338.88
_b
THO 1979
245
_a
The Multi-National Companies
260
_a
England
_b
Wayland Publishers Limited
_c
1979
300
_a
95p
942
_2
ddc
_c
BK
999
_c
2978
_d
2978